书目信息 |
| 题名: |
长翅膀的绵羊
|
|
| 作者: | 妞妞 著 | |
| 分册: | ||
| 出版信息: | 深圳 海天出版社 2002.07 |
|
| 页数: | 347页 | |
| 开本: | 20cm | |
| 丛书名: | ||
| 单 册: | ||
| 中图分类: | I253.4 | |
| 科图分类: | ||
| 主题词: | 纪实小说--ji shi xiao shuo--中国--现代 | |
| 电子资源: | ||
| ISBN: | 7-80654-726-6 | |
| 000 | 01080nam0 2200253 450 | |
| 001 | 012008046109 | |
| 005 | 20080422182329.18 | |
| 010 | @a7-80654-726-6@dCNY25.00 | |
| 100 | @a20080422d2002 km y0chiy0120 ea | |
| 101 | 0 | @achi |
| 102 | @aCN@b440000 | |
| 105 | @aac z 000ay | |
| 106 | @ar r'] | |
| 200 | 1 | @a长翅膀的绵羊@Achang chi bang de mian yang@e一个16岁女孩留学英国的故事@f妞妞著@Fniu niu zhu |
| 210 | @a深圳@c海天出版社@d2002.07 | |
| 215 | @a347页@c图 (部分彩图), 肖像@d20cm | |
| 304 | @a责任者全名: 李倩妮。 | |
| 330 | @a本书内容包括:“人海茫茫”、“四世纪的校园”、“我的小天地”、“同是天涯沦落人”、“参加游泳队的收获”等。 | |
| 517 | 1 | @a一个16岁女孩留学英国的故事@Ayi ge 16 sui nu hai liu xue ying guo de gu shi |
| 606 | 0 | @a纪实小说@Aji shi xiao shuo@y中国@z现代 |
| 690 | @aI253.4@v4 | |
| 701 | 0 | @a妞妞@Aniu niu@4著 |
| 801 | 0 | @aCN@bQSSK@c20080422 |
| 905 | @b20701848-50@dI253.4@eN736@f3 | |
| 长翅膀的绵羊:一个16岁女孩留学英国的故事/妞妞著.-深圳:海天出版社,2002.07 |
| 347页:图 (部分彩图), 肖像;20cm |
| ISBN 7-80654-726-6:CNY25.00 |
| 本书内容包括:“人海茫茫”、“四世纪的校园”、“我的小天地”、“同是天涯沦落人”、“参加游泳队的收获”等。 |
| ● |
| 相关链接 |
|
|
|
正题名:长翅膀的绵羊
索取号:I253.4/N736
 
预约/预借
| 序号 | 登录号 | 条形码 | 馆藏地/架位号 | 状态 | 备注 |
| 1 | 701848 | 207018485 | 社科二线400B/400B社科库 24排3列1层/ [索取号:I253.4/N736] | 在馆 | |
| 2 | 701849 | 207018494 | 社科二线400B/400B社科库 24排3列1层/ [索取号:I253.4/N736] | 在馆 | |
| 3 | 701850 | 207018500 | 社科二线400B/400B社科库 24排3列1层/ [索取号:I253.4/N736] | 在馆 |